| 000 | 00504nam a2200169Ia 4500 | ||
|---|---|---|---|
| 008 | 151213s9999 xx 000 0 und d | ||
| 020 | _a0-324-17829-8 | ||
| 100 | _aEugone F. Brigham & Joel F. Houston | ||
| 245 |
_aFundamental Of Financial Management _cEugone F. Brigham & Joel F. Houston |
||
| 250 | _a10th | ||
| 260 |
_aUSA _bSouth - Western Publishing Co. _c2004 |
||
| 300 | _a4720 p. | ||
| 650 | _aFinance | ||
| 650 | _aFinance | ||
| 700 | _aEugone F. Brigham & Joel F. Houston | ||
| 999 |
_c3012 _d3012 |
||